[Event "Titled Tuesday intern op 11th Feb Early"]
[Site "Chess.com INT"]
[Date "2025.02.11"]
[Round "6"]
[White "Neira Rodriguez, Carlos Fernando"]
[Black "Miserendino, Alfredo"]
[Result "1-0"]
[WhiteElo "2038"]
[BlackElo "2032"]
[PlyCount "107"]
[EventDate "2025.02.11"]
[EventType "swiss (blitz)"]
[EventRounds "11"]
[EventCountry "USA"]
[SourceTitle "CB08_2025"]
[SourceDate "2025.02.19"]
[SourceVersion "1"]
[SourceVersionDate "2025.02.19"]
[SourceQuality "1"]

1. d4 Nf6 2. Bg5 e6 3. Nd2 h6 4. Bh4 Be7 5. Ngf3 0-0 6. e3 b6 7. Bd3 Ba6 8. Bxa6 Nxa6 9. 0-0 c5 10. c3 cxd4 11. exd4 Nb8 12. Re1 Nc6 13. Nc4 d6 14. Bxf6 Bxf6 15. d5 b5 16. Ne3 Ne5 17. dxe6 fxe6 18. Nxe5 Bxe5 19. Ng4 Qb6 20. Qe2 Rf5 21. Nxe5 Rxe5 22. Qd2 Rxe1+ 23. Rxe1 Re8 24. Qd3 a6 25. Qg6 Rf8 26. Qxe6+ Kh8 27. Qe3 Qxe3 28. Rxe3 Rd8 29. Rd3 Kg8 30. f4 Kf7 31. Kf2 Ke6 32. g4 g6 33. Ke3 Rc8 34. b3 Rc5 35. h3 h5 36. Kd2 hxg4 37. hxg4 Rc8 38. Re3+ Kf6 39. Rd3 Ke6 40. Rh3 Kf6 41. Kd3 Re8 42. Rh1 Re7 43. a3 Re8 44. c4 bxc4+ 45. Kxc4 Rc8+ 46. Kd5 Rc3 47. Rb1 Rd3+ 48. Kc6 d5 49. a4 a5 50. b4 axb4 51. Rxb4 d4 52. Kc5 Rg3 53. g5+ Kf5 54. Rxd4 1-0

[Event "Titled Tuesday intern op 11th Feb Early"]
[Site "Chess.com INT"]
[Date "2025.02.11"]
[Round "3"]
[White "Neira Rodriguez, Carlos Fernando"]
[Black "Pavlov, Nikolay1"]
[Result "0-1"]
[WhiteElo "2038"]
[BlackElo "2316"]
[PlyCount "106"]
[EventDate "2025.02.11"]
[EventType "swiss (blitz)"]
[EventRounds "11"]
[EventCountry "USA"]
[SourceTitle "CB08_2025"]
[SourceDate "2025.02.19"]
[SourceVersion "1"]
[SourceVersionDate "2025.02.19"]
[SourceQuality "1"]

1. d4 Nf6 2. Bg5 d6 3. Nd2 Nbd7 4. Ngf3 h6 5. Bxf6 Nxf6 6. e3 g6 7. Bc4 Bg7 8. 0-0 0-0 9. h3 c5 10. c3 Qc7 11. Rc1 b6 12. Qe2 Bb7 13. Ba6 Bc6 14. Bb5 Bb7 15. Ba6 Rac8 16. a4 Rfe8 17. Rfd1 cxd4 18. exd4 Nd5 19. Bxb7 Qxb7 20. Qe4 Qc6 21. Ra1 e6 22. Nf1 Qd7 23. Ne3 f5 24. Qd3 Nf4 25. Qf1 Qb7 26. Ne1 Kh7 27. Nd3 Nd5 28. Nxd5 Qxd5 29. Nf4 Qc4 30. Qxc4 Rxc4 31. Nd3 e5 32. dxe5 dxe5 33. Nb4 Re7 34. Rd8 e4 35. a5 b5 36. Nd5 Rf7 37. Ne3 Rc5 38. Rad1 f4 39. Nc2 Re5 40. R1d7 Ree7 41. Rxe7 Rxe7 42. Rd5 e3 43. fxe3 fxe3 44. Kf1 Rf7+ 45. Ke1 Rf2 46. Nxe3 Rxb2 47. Rd7 Kg8 48. Rxa7 Bxc3+ 49. Kf1 Ra2 50. a6 Bd4 51. Ng4 h5 52. Nh2 b4 53. Nf3 Bxa7 0-1

[Event "Titled Tuesday intern op 04th Feb Early"]
[Site "Chess.com INT"]
[Date "2025.02.04"]
[Round "9"]
[White "Grzesik, Gracjan"]
[Black "Neira Rodriguez, Carlos Fernando"]
[Result "0-1"]
[WhiteElo "2175"]
[BlackElo "2038"]
[PlyCount "104"]
[EventDate "2025.02.04"]
[EventType "swiss (blitz)"]
[EventRounds "11"]
[EventCountry "USA"]
[SourceTitle "CB07_2025"]
[SourceDate "2025.02.12"]
[SourceVersion "1"]
[SourceVersionDate "2025.02.12"]
[SourceQuality "1"]

1. d4 d5 2. Bf4 Nf6 3. Nf3 c5 4. e3 Nc6 5. c3 Qb6 6. Qb3 c4 7. Qxb6 axb6 8. Nbd2 Bf5 9. Be2 e6 10. 0-0 h6 11. h3 b5 12. a3 Be7 13. Bh2 0-0 14. Rfe1 Ne4 15. Nxe4 Bxe4 16. Nd2 Bg6 17. Bf3 f5 18. Bd1 Bf7 19. Bc2 g5 20. f3 Bg6 21. Rac1 Bf6 22. e4 Rfe8 23. exd5 exd5 24. g4 Kf7 25. gxf5 Bh7 26. Kf2 Ne7 27. Nf1 Bxf5 28. Bxf5 Nxf5 29. Ne3 Nxe3 30. Rxe3 Rxe3 31. Kxe3 Re8+ 32. Kf2 Kg6 33. f4 Kf5 34. fxg5 Bxg5 35. Rf1 Kg6 36. Kf3 Re3+ 37. Kg2 Re2+ 38. Rf2 Re3 39. Bd6 h5 40. Bb4 h4 41. Kh2 Rd3 42. Bd6 Rd2 43. Rxd2 Bxd2 44. Bb4 Bc1 45. Kg2 Bxb2 46. Kf2 Kf5 47. Kf3 Bc1 48. Bc5 Bd2 49. Bb4 Bf4 50. Be7 Bg3 51. Bd8 Be1 52. Ba5 Bg3 0-1

[Event "Titled Tuesday intern op 28th Jan Early"]
[Site "Chess.com INT"]
[Date "2025.01.28"]
[Round "10"]
[White "Emeliantsev, Anatoliy"]
[Black "Neira Rodriguez, Carlos Fernando"]
[Result "1-0"]
[WhiteElo "2359"]
[BlackElo "2038"]
[PlyCount "117"]
[EventDate "2025.01.28"]
[EventType "swiss (blitz)"]
[EventRounds "11"]
[EventCountry "USA"]
[SourceTitle "CB06_2025"]
[SourceDate "2025.02.05"]
[SourceVersion "1"]
[SourceVersionDate "2025.02.05"]
[SourceQuality "1"]

1. d4 d5 2. c4 e6 3. Nc3 a6 4. cxd5 exd5 5. Bf4 h6 6. e3 Nf6 7. Bd3 Bd6 8. Nge2 0-0 9. 0-0 Nc6 10. Bxd6 Qxd6 11. Ng3 Ne7 12. Rc1 Be6 13. Bb1 g6 14. Qd2 Kg7 15. Kh1 Qd7 16. f3 Nf5 17. Nge2 Nd6 18. Qd3 Rad8 19. Nf4 Bf5 20. e4 dxe4 21. fxe4 Ndxe4 22. Nxe4 Bxe4 23. Qc3 Bxb1 24. Rxb1 Qxd4 25. Qxc7 Rd7 26. Qc2 Qe4 27. Qf2 Re8 28. h3 Qe3 29. Qh4 g5 30. Nh5+ Nxh5 31. Qxh5 Qe2 32. Rf3 Rd1+ 33. Rxd1 Qxd1+ 34. Kh2 Qd6+ 35. Kg1 Qd1+ 36. Kh2 Qd6+ 37. Kg1 Qg6 38. Qg4 Re1+ 39. Kf2 Re6 40. Qd4+ Rf6 41. Kg3 h5 42. Kh2 g4 43. hxg4 hxg4 44. Rf4 Qh5+ 45. Kg3 Qh6 46. Rxg4+ Kh7 47. Rh4 Rg6+ 48. Kh3 Qxh4+ 49. Kxh4 Rh6+ 50. Kg3 Rg6+ 51. Kh2 Rh6+ 52. Kg1 Rg6 53. Qe4 Kg7 54. Qxb7 Rd6 55. Qc7 Re6 56. Qc3+ Kg6 57. b4 f5 58. Qd3 Rf6 59. a4 1-0

[Event "Titled Tuesday intern op 28th Jan Early"]
[Site "Chess.com INT"]
[Date "2025.01.28"]
[Round "3"]
[White "Neira Rodriguez, Carlos Fernando"]
[Black "Novikov, Evgenij"]
[Result "0-1"]
[WhiteElo "2038"]
[BlackElo "2276"]
[PlyCount "98"]
[EventDate "2025.01.28"]
[EventType "swiss (blitz)"]
[EventRounds "11"]
[EventCountry "USA"]
[SourceTitle "CB06_2025"]
[SourceDate "2025.02.05"]
[SourceVersion "1"]
[SourceVersionDate "2025.02.05"]
[SourceQuality "1"]

1. d4 d5 2. Nf3 Nf6 3. Bg5 Ne4 4. Bf4 e6 5. Nbd2 Nxd2 6. Qxd2 Bd6 7. e3 0-0 8. Bd3 c5 9. c3 Nc6 10. Bg3 Qe7 11. 0-0 e5 12. dxe5 Nxe5 13. Nxe5 Bxe5 14. Qc2 h6 15. Bh7+ Kh8 16. Bf5 Bxg3 17. hxg3 Bxf5 18. Qxf5 Qe6 19. Qf3 Rad8 20. Rfd1 Rd7 21. Rd2 Rfd8 22. Rad1 b6 23. a3 Kg8 24. Qf4 g5 25. Qf3 Kg7 26. Rd3 f5 27. Qh5 Qf7 28. Qf3 Qe6 29. Qh5 a5 30. R3d2 a4 31. Rd3 Qf7 32. Qf3 Kg6 33. R3d2 Qe6 34. Rd3 Qe4 35. Qe2 g4 36. Qd2 Kf6 37. Qc1 b5 38. R3d2 Ke6 39. Kf1 h5 40. Rd3 Rh8 41. Qd2 h4 42. gxh4 Rxh4 43. Ke2 Qxg2 44. Rf1 Qf3+ 45. Ke1 Rh2 46. c4 bxc4 47. Rc3 g3 48. Rc2 g2 49. Rg1 Rh1 0-1

[Event "Titled Tuesday intern op 28th Jan Early"]
[Site "Chess.com INT"]
[Date "2025.01.28"]
[Round "11"]
[White "Neira Rodriguez, Carlos Fernando"]
[Black "Toth, Christian Endre"]
[Result "1/2-1/2"]
[WhiteElo "2038"]
[BlackElo "2354"]
[PlyCount "65"]
[EventDate "2025.01.28"]
[EventType "swiss (blitz)"]
[EventRounds "11"]
[EventCountry "USA"]
[SourceTitle "CB06_2025"]
[SourceDate "2025.02.05"]
[SourceVersion "1"]
[SourceVersionDate "2025.02.05"]
[SourceQuality "1"]

1. d4 Nf6 2. Bg5 g6 3. Bxf6 exf6 4. c4 d5 5. cxd5 Qxd5 6. Nc3 Qd8 7. g3 f5 8. Bg2 Bg7 9. e3 0-0 10. Nge2 Nd7 11. 0-0 Nf6 12. b4 c6 13. Rb1 Be6 14. b5 Rc8 15. bxc6 bxc6 16. Qa4 Qd7 17. Rfc1 Rc7 18. Nf4 Rfc8 19. Nd3 Bd5 20. Nc5 Qd6 21. Nxd5 Nxd5 22. Bxd5 cxd5 23. Rb3 Bf8 24. Rcb1 Qc6 25. Qxc6 Rxc6 26. Nd3 Bd6 27. h4 Rc3 28. Rxc3 Rxc3 29. Rb3 Rc2 30. Rb2 Rc3 31. Rb3 Rc2 32. Rb2 Rc3 33. Rb3 1/2-1/2

[Event "Titled Tuesday intern op 21st Jan Late"]
[Site "Chess.com INT"]
[Date "2025.01.21"]
[Round "3"]
[White "Gutierrez Olivares, Daniel"]
[Black "Neira Rodriguez, Carlos Fernando"]
[Result "1-0"]
[WhiteElo "2354"]
[BlackElo "2038"]
[PlyCount "79"]
[EventDate "2025.01.21"]
[EventType "swiss (blitz)"]
[EventRounds "11"]
[EventCountry "USA"]
[SourceTitle "CB05_2025"]
[SourceDate "2025.01.29"]
[SourceVersion "1"]
[SourceVersionDate "2025.01.29"]
[SourceQuality "1"]

1. Nf3 d5 2. c4 c6 3. g3 Nf6 4. Bg2 Bg4 5. b3 Nbd7 6. Bb2 e6 7. 0-0 Bd6 8. e3 0-0 9. cxd5 cxd5 10. h3 Bxf3 11. Bxf3 Nc5 12. d3 Rc8 13. Qe2 a6 14. e4 dxe4 15. dxe4 Be7 16. Rd1 Qb6 17. Na3 Rfd8 18. Nc4 Qb5 19. Qe3 Ncd7 20. Be2 Qc6 21. Bf3 Qb5 22. a4 Qc5 23. Bd4 Qb4 24. e5 Nd5 25. Bxd5 exd5 26. e6 dxc4 27. exd7 Rxd7 28. Bc3 Rxd1+ 29. Rxd1 Qxb3 30. Rd7 Bf8 31. Qf3 Qb1+ 32. Kg2 Qg6 33. Qxb7 h6 34. Qxc8 Qe4+ 35. Kh2 Qf3 36. Bd4 c3 37. Rd8 c2 38. Rxf8+ Kh7 39. Qxc2+ g6 40. Rh8# 1-0

[Event "Titled Tuesday intern op 21st Jan Late"]
[Site "Chess.com INT"]
[Date "2025.01.21"]
[Round "10"]
[White "Neira Rodriguez, Carlos Fernando"]
[Black "Bustamante, Oscar"]
[Result "0-1"]
[WhiteElo "2038"]
[BlackElo "2038"]
[PlyCount "82"]
[EventDate "2025.01.21"]
[EventType "swiss (blitz)"]
[EventRounds "11"]
[EventCountry "USA"]
[SourceTitle "CB05_2025"]
[SourceDate "2025.01.29"]
[SourceVersion "1"]
[SourceVersionDate "2025.01.29"]
[SourceQuality "1"]

1. d4 d6 2. e4 Nd7 3. c4 e5 4. Nf3 Ngf6 5. Nc3 c6 6. Be2 Qc7 7. 0-0 Be7 8. h3 0-0 9. Be3 Re8 10. Rc1 Bf8 11. d5 c5 12. a3 a6 13. b4 b6 14. b5 Qd8 15. Rb1 a5 16. a4 h6 17. Nh2 Nh7 18. Na2 Be7 19. Nc1 Bg5 20. Qd2 g6 21. Nd3 Kg7 22. Bxg5 Nxg5 23. f3 f5 24. exf5 gxf5 25. Nf2 Nf6 26. Bd3 e4 27. fxe4 fxe4 28. Qc3 exd3 29. Nfg4 Nge4 30. Qb2 Bxg4 31. Nxg4 Kg6 32. Rf4 Nxg4 33. Rxg4+ Ng5 34. h4 Qe7 35. hxg5 Qe3+ 36. Kh2 hxg5 37. Rg3 Rh8+ 38. Rh3 Rxh3+ 39. gxh3 Rf8 40. Kh1 Rf2 41. Qc3 Qf3+ 0-1

[Event "Titled Tuesday intern op 21st Jan Late"]
[Site "Chess.com INT"]
[Date "2025.01.21"]
[Round "6"]
[White "Neira Rodriguez, Carlos Fernando"]
[Black "Gorbenko, Rustem"]
[Result "0-1"]
[WhiteElo "2038"]
[BlackElo "2221"]
[PlyCount "128"]
[EventDate "2025.01.21"]
[EventType "swiss (blitz)"]
[EventRounds "11"]
[EventCountry "USA"]
[SourceTitle "CB05_2025"]
[SourceDate "2025.01.29"]
[SourceVersion "1"]
[SourceVersionDate "2025.01.29"]
[SourceQuality "1"]

1. d4 Nf6 2. Bg5 Ne4 3. Bf4 c5 4. f3 Qa5+ 5. c3 Nf6 6. d5 Qb6 7. b3 e6 8. e4 exd5 9. exd5 c4 10. Bxc4 Bc5 11. Nh3 0-0 12. Qd3 Re8+ 13. Kd1 d6 14. Nd2 Bxh3 15. gxh3 Nbd7 16. Kc2 Be3 17. Bg3 Ne5 18. Bxe5 Rxe5 19. Rae1 Rae8 20. Ne4 Nxe4 21. Qxe3 Nc5 22. Qd2 a5 23. Rxe5 Rxe5 24. Re1 f6 25. Rxe5 fxe5 26. Qg5 a4 27. h4 axb3+ 28. axb3 h6 29. Qg6 Qd8 30. Bd3 Qe7 31. Qh7+ Kf8 32. Bg6 Qd7 33. Qh8+ Ke7 34. Qxg7+ Kd8 35. Qxd7+ Kxd7 36. b4 Na6 37. Bd3 Nc7 38. c4 b5 39. Kd2 bxc4 40. Bxc4 Na8 41. Ke3 Nb6 42. Bb3 Ke7 43. f4 Kf6 44. Ke4 exf4 45. Kxf4 Nc8 46. h3 Nb6 47. h5 Na8 48. h4 Nc7 49. Ke4 Na8 50. Kd4 Ke7 51. Kc4 Nc7 52. Kd4 Kf6 53. Bc2 Ke7 54. Bd3 Na8 55. Be4 Nb6 56. Kc3 Kf6 57. Kd4 Na4 58. b5 Nb6 59. Bd3 Ke7 60. Be4 Kd7 61. Kc3 Kc7 62. Kd4 Nd7 63. Bf5 Nc5 64. Be6 Kb6 0-1

[Event "Titled Tuesday intern op 21st Jan Late"]
[Site "Chess.com INT"]
[Date "2025.01.21"]
[Round "5"]
[White "Playa, Marcelo"]
[Black "Neira Rodriguez, Carlos Fernando"]
[Result "1/2-1/2"]
[WhiteElo "2376"]
[BlackElo "2038"]
[PlyCount "166"]
[EventDate "2025.01.21"]
[EventType "swiss (blitz)"]
[EventRounds "11"]
[EventCountry "USA"]
[SourceTitle "CB05_2025"]
[SourceDate "2025.01.29"]
[SourceVersion "1"]
[SourceVersionDate "2025.01.29"]
[SourceQuality "1"]

1. e4 c6 2. d4 d5 3. e5 Bf5 4. g4 Be4 5. f3 Bg6 6. h4 h5 7. e6 Qd6 8. exf7+ Bxf7 9. Ne2 hxg4 10. fxg4 Nd7 11. Nbc3 e5 12. Be3 Ngf6 13. g5 Ne4 14. Nxe4 dxe4 15. Qd2 0-0-0 16. 0-0-0 Bxa2 17. Qa5 Bc4 18. Qxa7 Qb8 19. Qxb8+ Kxb8 20. dxe5 Bc5 21. Bxc5 Nxc5 22. Rxd8+ Rxd8 23. h5 Nd7 24. h6 gxh6 25. gxh6 Nxe5 26. h7 Rh8 27. Rh4 Ng6 28. Rh6 Nf8 29. Rf6 Nd7 30. Rh6 Nf8 31. Rh4 Bxe2 32. Bxe2 Rxh7 33. Rxe4 Nd7 34. b4 Kc7 35. Kb2 Nf6 36. Rd4 Nd5 37. Bf3 Nb6 38. c4 Rd7 39. Rf4 Nc8 40. Kc3 Nd6 41. Rd4 Nf7 42. Re4 Nd6 43. Rf4 Rf7 44. Rxf7+ Nxf7 45. Kd4 b6 46. Bg4 Kd6 47. Bh3 c5+ 48. bxc5+ bxc5+ 49. Kc3 Ng5 50. Bf1 Ke5 51. Kd3 Nf3 52. Be2 Nd4 53. Bd1 Ne6 54. Ba4 Nf4+ 55. Ke3 Ne6 56. Bb5 Ng5 57. Kd3 Ne4 58. Ke3 Nd6 59. Kd3 Nc8 60. Kc3 Ne7 61. Ba6 Ng6 62. Bb7 Nf4 63. Kb3 Kd4 64. Bc8 Nd3 65. Be6 Ne5 66. Bg8 Nc6 67. Kb2 Na5 68. Kc1 Nxc4 69. Bxc4 Kxc4 70. Kc2 Kd4 71. Kd2 Kc4 72. Kc2 Kb4 73. Kb2 c4 74. Kc2 Kb5 75. Kc3 Kc5 76. Kc2 Kd4 77. Kd2 c3+ 78. Kc2 Kc4 79. Kc1 Kb4 80. Kc2 Kc4 81. Kc1 Kd3 82. Kd1 Kd4 83. Kc2 Kc4 1/2-1/2

[Event "Iberoamerican-ch 9th"]
[Site "Panama City"]
[Date "2023.12.01"]
[Round "8"]
[White "Villalba, Marcelo"]
[Black "Neira Rodriguez, Carlos Fernando"]
[Result "1-0"]
[WhiteElo "2241"]
[BlackElo "1996"]
[PlyCount "77"]
[EventDate "2023.11.25"]
[EventType "swiss"]
[EventRounds "9"]
[EventCountry "PAN"]
[SourceTitle "EXT 2025"]
[Source "ChessBase"]
[SourceDate "2024.10.14"]
[SourceVersion "1"]
[SourceVersionDate "2024.10.14"]
[SourceQuality "1"]

1. Nf3 c6 2. g3 d5 3. Bg2 Bg4 4. h3 Bxf3 5. Bxf3 Nf6 6. c4 e6 7. Qb3 Qb6 8. d3 Qxb3 9. axb3 Bb4+ 10. Bd2 Bxd2+ 11. Nxd2 Na6 12. 0-0 0-0 13. Ra4 Nc7 14. b4 a6 15. Nb3 dxc4 16. dxc4 Rfd8 17. Raa1 Kf8 18. Rfd1 Ke8 19. Na5 Rxd1+ 20. Rxd1 e5 21. Nxb7 e4 22. Nd6+ Ke7 23. Nxe4 Rb8 24. Nxf6 Kxf6 25. Rd6+ Ne6 26. Rxc6 Rxb4 27. Rxa6 Rxc4 28. Rb6 Ke5 29. Kg2 g6 30. Rb7 Rc7 31. Rxc7 Nxc7 32. e3 Kd6 33. b4 Nb5 34. Be2 Nc3 35. Bc4 f6 36. f4 Ne4 37. Bg8 Nc3 38. Bxh7 Nd5 39. Bxg6 1-0

[Event "Iberoamerican-ch 9th"]
[Site "Panama City"]
[Date "2023.11.30"]
[Round "7"]
[White "Neira Rodriguez, Carlos Fernando"]
[Black "Ortiz Verdesoto, Anahi Eduarda"]
[Result "1/2-1/2"]
[WhiteElo "1996"]
[BlackElo "2175"]
[PlyCount "56"]
[EventDate "2023.11.25"]
[EventType "swiss"]
[EventRounds "9"]
[EventCountry "PAN"]
[SourceTitle "CBM 217 Extra"]
[Source "ChessBase"]
[SourceDate "2024.01.31"]
[SourceVersion "1"]
[SourceVersionDate "2024.01.31"]
[SourceQuality "1"]

1. d4 Nf6 2. c4 e6 3. Nf3 b6 4. g3 Ba6 5. b3 d5 6. Bg2 Bb4+ 7. Bd2 Be7 8. 0-0 0-0 9. Qc2 c5 10. dxc5 bxc5 11. Rd1 Nc6 12. cxd5 exd5 13. e3 Ne4 14. a3 Bf6 15. Nc3 Nxd2 16. Rxd2 d4 17. exd4 cxd4 18. Ne4 Re8 19. Nxf6+ Qxf6 20. Qb2 Red8 21. Rad1 d3 22. Qxf6 gxf6 23. Bf1 Re8 24. Bxd3 Bb7 25. Bf5 Rad8 26. Bd7 Ne5 27. Nxe5 Rxe5 28. f4 Re3 1/2-1/2

[Event "Iberoamerican-ch 9th"]
[Site "Panama City"]
[Date "2023.11.26"]
[Round "3"]
[White "Neira Rodriguez, Carlos Fernando"]
[Black "Noboa Silva, Kevin Omar"]
[Result "0-1"]
[WhiteElo "1996"]
[BlackElo "2318"]
[PlyCount "108"]
[EventDate "2023.11.25"]
[EventType "swiss"]
[EventRounds "9"]
[EventCountry "PAN"]
[SourceTitle "CBM 217 Extra"]
[Source "ChessBase"]
[SourceDate "2024.01.31"]
[SourceVersion "1"]
[SourceVersionDate "2024.01.31"]
[SourceQuality "1"]

1. d4 e6 2. Nf3 Nf6 3. c4 d5 4. Nc3 a6 5. cxd5 exd5 6. Bg5 c6 7. Qc2 Be6 8. e3 h6 9. Bh4 Bd6 10. Bd3 Nbd7 11. 0-0 0-0 12. a3 Re8 13. b4 Qb8 14. Bg3 b5 15. e4 Bxg3 16. hxg3 dxe4 17. Nxe4 Bd5 18. Nc5 a5 19. Bf5 Nxc5 20. Qxc5 Qa7 21. Ne5 Qxc5 22. bxc5 b4 23. Rfb1 b3 24. Rb2 a4 25. f3 Rad8 26. Rd1 g6 27. Bd3 Nd7 28. Ng4 Kg7 29. Kf2 f5 30. Ne3 Nf6 31. Rdd2 Rd7 32. Bf1 Red8 33. Rd3 Be6 34. Rbd2 g5 35. d5 cxd5 36. Rd4 Rb8 37. Nd1 Rc7 38. Rxa4 Rxc5 39. Bd3 Rc6 40. Rb4 Rcc8 41. Rxb8 Rxb8 42. a4 Nd7 43. f4 Nc5 44. Nb2 Ra8 45. Ke3 Nxa4 46. Nd1 Rb8 47. Kd4 Kf6 48. Bb1 Rb4+ 49. Ke3 Nb6 50. Rd4 Nc4+ 51. Kd3 Rb8 52. Kc3 b2 53. Nf2 Na3 54. Rd1 d4+ 0-1

[Event "Panama op 4th"]
[Site "Panama City"]
[Date "2023.11.10"]
[Round "9"]
[White "Husbands, Orlando"]
[Black "Neira Rodriguez, Carlos Fernando"]
[Result "1-0"]
[WhiteElo "2307"]
[BlackElo "1996"]
[PlyCount "62"]
[EventDate "2023.11.06"]
[EventType "swiss"]
[EventRounds "9"]
[EventCountry "PAN"]
[SourceTitle "CBM 217 Extra"]
[Source "ChessBase"]
[SourceDate "2024.01.31"]
[SourceVersion "1"]
[SourceVersionDate "2024.01.31"]
[SourceQuality "1"]

1. d4 d5 2. c4 e6 3. Nc3 Nf6 4. Nf3 dxc4 5. Qa4+ Nbd7 6. e4 Be7 7. Qxc4 0-0 8. Be2 c5 9. dxc5 Nxc5 10. Be3 b6 11. Rd1 Qe8 12. Bxc5 Bxc5 13. e5 Nd5 14. Nxd5 exd5 15. Qxd5 Be6 16. Qe4 Qe7 17. a3 Bb3 18. Rc1 a5 19. 0-0 Rad8 20. Bc4 Bxc4 21. Rxc4 b5 22. Rc2 Rfe8 23. Qc6 Ba7 24. Qxb5 Rd7 25. Qxa5 Red8 26. h3 Qe6 27. Rfc1 h6 28. Rc8 Rxc8 29. Rc2 Rcc7 30. Rxc7 Kh7 31. Rc8 Rd1+ 1-0

[Event "Panama op 4th"]
[Site "Panama City"]
[Date "2023.11.09"]
[Round "7"]
[White "Neira Rodriguez, Carlos Fernando"]
[Black "Mitkov, Nikola"]
[Result "0-1"]
[WhiteElo "1996"]
[BlackElo "2389"]
[PlyCount "204"]
[EventDate "2023.11.06"]
[EventType "swiss"]
[EventRounds "9"]
[EventCountry "PAN"]
[SourceTitle "CBM 217 Extra"]
[Source "ChessBase"]
[SourceDate "2024.01.31"]
[SourceVersion "1"]
[SourceVersionDate "2024.01.31"]
[SourceQuality "1"]

1. d4 d5 2. c4 e6 3. Nf3 Nf6 4. Nc3 Bb4 5. Qa4+ Nc6 6. e3 0-0 7. Qc2 Bxc3+ 8. bxc3 Na5 9. cxd5 exd5 10. Bd3 Re8 11. Ne5 c5 12. Qe2 Qc7 13. 0-0 b6 14. Bd2 Bb7 15. f3 Nc6 16. Nxc6 Bxc6 17. Be1 Qe7 18. Bf2 c4 19. Bf5 g6 20. Bc2 Qa3 21. Qd2 Re6 22. Rae1 Rae8 23. Bb1 b5 24. Qc1 Qxc1 25. Rxc1 Rb8 26. a3 Rb6 27. Bc2 Ra6 28. Ra1 Nd7 29. Rfb1 Nb6 30. Rb4 Ra5 31. Kf1 f5 32. g3 Nd7 33. Ke2 Nf6 34. Rb2 Bd7 35. Kd2 Rea6 36. Rba2 g5 37. Kc1 g4 38. f4 Ne8 39. Kb2 Kf7 40. Bd1 Rh6 41. Bg1 Raa6 42. Kc1 Ke7 43. Kd2 Nc7 44. Bc2 Rab6 45. Rb2 a5 46. Rab1 Rb7 47. Bd1 Rhb6 48. Bf2 Na6 49. Be1 Rh6 50. Kc1 Kd8 51. Ba4 Nc7 52. Bd1 Ne8 53. a4 Nc7 54. axb5 Rxb5 55. Rxb5 Bxb5 56. Rb2 Kd7 57. Bc2 Rh5 58. Kb1 Kc6 59. Ka2 Ne8 60. Ka3 Nd6 61. Bb1 Rh6 62. Re2 Kc7 63. Rb2 Bd7 64. Re2 Nb5+ 65. Ka2 Rb6 66. Rb2 Rf6 67. Bc2 Nd6 68. Bb1 Ba4 69. Bc2 Bxc2 70. Rxc2 Nb5 71. Rb2 Kc6 72. Bd2 Rh6 73. Be1 Kb6 74. Rc2 a4 75. Rb2 Ka5 76. Rc2 Re6 77. Re2 Rb6 78. Rb2 Rh6 79. Rc2 a3 80. Rg2 Ka4 81. Rc2 Rb6 82. Bd2 Nd6 83. Be1 Rb3 84. Ka1 Nc8 85. Ka2 Nb6 86. Ka1 Kb5 87. h3 gxh3 88. Rh2 Rb2 89. Rxh3 Re2 90. Rh1 h5 91. Rxh5 Rxe1+ 92. Ka2 Ka4 93. Rh6 Re2+ 94. Ka1 Kb5 95. Rh1 Na4 96. Rc1 Rxe3 97. g4 fxg4 98. f5 Rf3 99. f6 Rxf6 100. Ka2 Rf3 101. Rg1 Nxc3+ 102. Ka1 a2 0-1

[Event "Panama op 4th"]
[Site "Panama City"]
[Date "2023.11.07"]
[Round "3"]
[White "Regalado Chong, Jose Alberto"]
[Black "Neira Rodriguez, Carlos Fernando"]
[Result "0-1"]
[WhiteElo "1227"]
[BlackElo "1996"]
[PlyCount "62"]
[EventDate "2023.11.06"]
[EventType "swiss"]
[EventRounds "9"]
[EventCountry "PAN"]
[SourceTitle "CBM 217 Extra"]
[Source "ChessBase"]
[SourceDate "2024.01.31"]
[SourceVersion "1"]
[SourceVersionDate "2024.01.31"]
[SourceQuality "1"]

1. e4 c5 2. Nf3 d6 3. d4 cxd4 4. Nxd4 Nf6 5. Nc3 a6 6. Be3 e5 7. Nb3 Be6 8. f3 Be7 9. Qd2 0-0 10. 0-0-0 Nbd7 11. h4 b5 12. Nd5 Bxd5 13. exd5 Nb6 14. Bxb6 Qxb6 15. g4 a5 16. Be2 a4 17. Na1 a3 18. b3 Nd7 19. f4 exf4 20. Qxf4 Bf6 21. Kb1 Nc5 22. h5 Na4 23. Rd3 Nc3+ 24. Rxc3 Bxc3 25. Qf5 Rae8 26. Bd3 g6 27. hxg6 fxg6 28. Qg5 Qe3 29. Qxe3 Rxe3 30. g5 Rfe8 31. Rc1 Re1 0-1

[Event "Puerto Rico Inv"]
[Site "Caguas"]
[Date "2021.05.02"]
[Round "5"]
[White "Zilleruelo Irizarry, Diego"]
[Black "Neira Rodriguez, Carlos Fernando"]
[Result "1/2-1/2"]
[WhiteElo "2106"]
[BlackElo "1961"]
[PlyCount "33"]
[EventDate "2021.04.30"]
[EventType "swiss"]
[EventRounds "5"]
[EventCountry "PUR"]
[SourceTitle "EXT 2023"]
[Source "ChessBase"]
[SourceDate "2022.10.05"]
[SourceVersion "1"]
[SourceVersionDate "2022.10.05"]
[SourceQuality "1"]

1. e4 c5 2. Nf3 d6 3. d4 cxd4 4. Qxd4 Nc6 5. Bb5 Bd7 6. Bxc6 Bxc6 7. c4 Nf6 8. Nc3 g6 9. 0-0 Bg7 10. h3 0-0 11. Qe3 a5 12. a4 Nd7 13. Nd4 Nc5 14. Ra3 Rc8 15. Rd1 Qd7 16. Nxc6 Rxc6 17. f3 1/2-1/2

[Event "Puerto Rico Inv"]
[Site "Caguas"]
[Date "2021.05.01"]
[Round "3"]
[White "Neira Rodriguez, Carlos Fernando"]
[Black "Ramos Espinoza, Efren Andres"]
[Result "1/2-1/2"]
[WhiteElo "1961"]
[BlackElo "2150"]
[PlyCount "33"]
[EventDate "2021.04.30"]
[EventType "swiss"]
[EventRounds "5"]
[EventCountry "PUR"]
[SourceTitle "EXT 2023"]
[Source "ChessBase"]
[SourceDate "2022.10.05"]
[SourceVersion "1"]
[SourceVersionDate "2022.10.05"]
[SourceQuality "1"]

1. d4 d5 2. c4 c6 3. Nf3 Nf6 4. Nc3 a6 5. c5 g6 6. Bf4 Bg7 7. e3 0-0 8. h3 Nbd7 9. Bd3 b6 10. b4 bxc5 11. bxc5 Nh5 12. Qc2 Nxf4 13. exf4 Qa5 14. Rc1 Rb8 15. 0-0 Qc7 16. g3 Rb4 17. Ne2 1/2-1/2

[Event "Puerto Rico Inv"]
[Site "Caguas"]
[Date "2021.04.30"]
[Round "1"]
[White "Neira Rodriguez, Carlos Fernando"]
[Black "Schnell, Sebastian Narayana"]
[Result "1-0"]
[WhiteElo "1961"]
[BlackElo "1519"]
[PlyCount "63"]
[EventDate "2021.04.30"]
[EventType "swiss"]
[EventRounds "5"]
[EventCountry "PUR"]
[SourceTitle "EXT 2023"]
[Source "ChessBase"]
[SourceDate "2022.10.05"]
[SourceVersion "1"]
[SourceVersionDate "2022.10.05"]
[SourceQuality "1"]

1. d4 Nf6 2. Nf3 d5 3. Bg5 c5 4. e3 Bg4 5. dxc5 Qa5+ 6. Nbd2 e6 7. c3 Bxf3 8. Qxf3 Nbd7 9. Nb3 Qc7 10. Bb5 Be7 11. 0-0 0-0 12. Bxd7 Qxd7 13. Rfd1 Ne4 14. Qxe4 Bxg5 15. Qg4 Qe7 16. e4 f5 17. exf5 Rxf5 18. Nd4 Raf8 19. Nxf5 Rxf5 20. Qe2 Qf6 21. Re1 e5 22. Rad1 e4 23. c4 e3 24. fxe3 Re5 25. Qg4 h5 26. Qc8+ Kh7 27. Rxd5 Bxe3+ 28. Rxe3 Rxe3 29. Rxh5+ Kg6 30. Qg4+ Kf7 31. Rf5 Re1+ 32. Kf2 1-0